000 00389nam a22001697a 4500
003 MPLRDC
005 20220104124301.0
008 210129b ||||| |||| 00| 0 eng d
082 _a874 HAL c.3
100 _aALEX HALEY
245 _a
_c张琰译
250 _a初版
260 _a
_b好时年出版社
_c1977
300 _b
650 _a美国文学
942 _cBK
_o874 HAL c.3
999 _c18098
_d18088